000 00630nam a22002177a 4500
003 NUST
005 20230225164822.0
008 170921b xxu||||| |||| 00| 0 eng d
038 _aAttaullah.
040 _cNUST
082 _a330
100 _aWaqas, Muhammad
_94770
245 _aEstimation of Beveridge Curve for Pakistan
_cMuhammad Waqas.
260 _aIslamabad :
_c2012
_bS3H - NUST.
300 _a32p. : ill. ;
_c30cm.
500 _aHard Cover.
650 _aEconomics - MS Thesis.
_917366
700 _aDr. Asma Hyder.
_917419
856 _uhttp://10.250.8.41:8080/xmlui/handle/123456789/30182
942 _2ddc
_cTHE
999 _c331191
_d331191